banner koha

Distribuicao de materia seca em orgaos vegetativos e reprodutivos de sorgo. Comparacao entre hibridos e progenitores [Sorgum spp., Ceara, Brasil] (Registro n. 333504)

MARC details
000 -LÍDER
campo de controle de tamanho fixo 01178naa a22003137a 4500
001 - NÚMERO DE CONTROLE
campo de controle BR7907399
003 - IDENTIFICADOR DO NÚMERO DE CONTROLE
campo de controle BR-BrBNA
005 - DATA E HORÁRIO DA ÚLTIMA TRANSAÇÃO
campo de controle 20250716093231.0
007 - CAMPO FIXO DE DESCRIÇÃO FÍSICA--INFORMAÇÃO GERAL
campo de controle de tamanho fixo ta
008 - CAMPO DE DADOS FIXOS--INFORMAÇÃO GERAL
campo de controle de tamanho fixo 250630b bl.|||m| |||| 00| 0 por d
040 ## - FONTE DA CATALOGAÇÃO
Instituição da catalogação original BR-BrBNA
Idioma da catalogação por
Instituição que transcreveu o registro Biblioteca Nacional de Agricultura
041 ## - CÓDIGO DE IDIOMA
Código do idioma do texto/trilha sonora ou título diferente (Pt)
072 ## - CÓDIGO DE CATEGORIA DE ASSUNTO
Código de Categoria de Assunto F00; F60
Código do objeto 0170
-- G514
090 ## - NÚMERO DE CHAMADA LOCAL
Número de chamada F00 BR7907399
100 1# - ENTRADA PRINCIPAL--NOME PESSOAL
Nome pessoal Tavora, F.J.A.F.
100 1# - ENTRADA PRINCIPAL--NOME PESSOAL
Nome pessoal Brasil, G.A.
245 1# - TÍTULO
Título Distribuicao de materia seca em orgaos vegetativos e reprodutivos de sorgo. Comparacao entre hibridos e progenitores [Sorgum spp., Ceara, Brasil]
490 ## - TÍTULO DA SÉRIE
Título da série Relatorio Anual de Pesquisa - Empresa de Pesquisa Agropecuaria do Ceara (Brazil)
500 ## - NOTA GERAL
Nota geral Relatorio anual de pesquisa 1978. Fitotecnia<br/>Fortaleza, CE (Brasil): 1979. p. 170-181 [5 tables; Summary (Pt); 10 ref.]<br/>(BR7907399-AMS)<br/>
650 ## - ASSUNTO--TERMO TÓPICO
Cabeçalho tópico ou nome geográfico COMPETICAO DE VARIEDADE
650 ## - ASSUNTO--TERMO TÓPICO
Cabeçalho tópico ou nome geográfico SORGO
650 ## - ASSUNTO--TERMO TÓPICO
Cabeçalho tópico ou nome geográfico MATERIA SECA
650 ## - ASSUNTO--TERMO TÓPICO
Cabeçalho tópico ou nome geográfico CRESCIMENTO
650 ## - ASSUNTO--TERMO TÓPICO
Cabeçalho tópico ou nome geográfico HIBRIDO
650 ## - ASSUNTO--TERMO TÓPICO
Cabeçalho tópico ou nome geográfico CEARA
773 0# - ENTRADA ANALÍTICA
Título Relatorio anual de pesquisa 1978. Fitotecnia
Número de controle do registro F00 BR7907399
Partes relacionadas Fortaleza, CE (Brasil), 1979. p. 170-181
942 ## - ELEMENTOS DE ENTRADA ADICIONADOS (KOHA)
Tipo de material Koha Analítica de Monografia Seriada
Fonte da classificação ou esquema de arquivamento na estante Classificação AGRIS
909 ## -
-- 202506
-- Lúcia
-- 55
-- Lúcia Elande
Exemplares
Situação do descarte Fonte da classificação ou esquema de arquivamento na estante Situação física Não pode ser emprestado Coleção Biblioteca de origem Biblioteca atual Total de empréstimos Número de telefone completo Data de último acesso Número do exemplar Tipo de material Koha Situação das perdas Data de aquisição Fonte de aquisição
  Classificação AGRIS       Biblioteca Nacional de Agricultura - Binagri Biblioteca Nacional de Agricultura - Binagri   L02 BR9400785 30/06/2025 01 Analítica de Monografia Seriada   2025-06-30 Portaria Interministerial nº 164/94

BINAGRI

Telefone: (61)3218-2567/2388/3357/2097 - binagri@agro.gov.br

Ministério da Agricultura e Pecuária , Esplanada dos Ministérios, Bloco D, Anexo B, Brasília/DF, CEP: 70.043-900